Womens education and occupational aspirations (Record no. 3480)

MARC details
000 -LEADER
fixed length control field 00548cam a2200193ua 4500
001 - CONTROL NUMBER
control field 3642
005 - DATE AND TIME OF LATEST TRANSACTION
control field 20260515113717.0
008 - FIXED-LENGTH DATA ELEMENTS--GENERAL INFORMATION
fixed length control field 111126n ii |||gr||||Z||||||eng
020 ## - INTERNATIONAL STANDARD BOOK NUMBER
International Standard Book Number 81-7141-228-9
040 ## - CATALOGING SOURCE
Transcribing agency MAIN
082 ## - DEWEY DECIMAL CLASSIFICATION NUMBER
Classification number 371.822
100 ## - MAIN ENTRY--PERSONAL NAME
Personal name Latha, E. V. Swarna ,
Relator term Author.
245 11 - TITLE STATEMENT
Title Womens education and occupational aspirations
Statement of responsibility, etc. by E. V. Swarna Latha
250 ## - EDITION STATEMENT
Edition statement 1st.
260 ## - PUBLICATION, DISTRIBUTION, ETC.
Place of publication, distribution, etc. New Delhi:
Name of publisher, distributor, etc. Discovery publishing house,993.
300 ## - PHYSICAL DESCRIPTION
Extent 170p:
Dimensions 23cm.
653 ## - INDEX TERM--UNCONTROLLED
Uncontrolled term Womens education and occupational aspirations
942 ## - ADDED ENTRY ELEMENTS (KOHA)
Koha item type Books
Holdings
Withdrawn status Lost status Damaged status Not for loan Home library Current library Shelving location Date acquired Total checkouts Full call number Barcode Date last seen Copy number Price effective from Koha item type
        Naharkatiya College Library Naharkatiya College Library General stacks 09/19/2020   371.822 | LAT 11180 09/19/2020 1 09/19/2020 Books